| 000 | 00748nam a22002297a 4500 | ||
|---|---|---|---|
| 999 |
_c9503 _d9503 |
||
| 003 | AR-CdUCM | ||
| 008 | 190328b ||||| |||| 00| 0 spa d | ||
| 040 |
_aMUNICIPALIDAD PROVINCIAL DEL CUSCO _cBIBLIOTECA MUNICIPAL DEL CUSCO |
||
| 041 | _hita | ||
| 082 |
_a335.6 / _bM96 / 1933 |
||
| 100 |
_aMussolini, Benito _925741 |
||
| 245 |
_aEl fascismo : _bdoctrina e instituciones / |
||
| 260 |
_aBuenos Aires : _bTor, _c1933. |
||
| 300 |
_a171 páginas ; _c18.5 cm. |
||
| 440 |
_aEl mundo de hoy. _n2 _925742 |
||
| 505 | _aContenido: La doctrina del facismo -- Los fundamentos del fascismo. | ||
| 650 |
_aFascismo _93453 |
||
| 650 |
_aHistoria _9136 |
||
| 700 |
_aGarcia Manchon, Gregorio (traducción) _925743 |
||
| 942 |
_2ddc _cLIBROS |
||
| 945 | _aacv | ||